000 00464nam a2200181Ia 4500
001 17360
005 20260306171512.0
008 260306s9999||||xx |||||||||||||| ||und||
041 _aESP
082 _a657.76
_bA66
100 _aArancibia Cueva, Miguel
_eAUT
245 0 _aDistribución indirecta de renta y distribución de utilidades
260 _c2022
300 _a126 páginas :
_c24 cm.
650 _aGEN
654 _aCCO
942 _cLIB
_dJUS
_fJUS
_2ddc
_n
999 _c17360
_d17360